| 000 | 00438 a2200169 4500 | ||
|---|---|---|---|
| 999 |
_c8140 _d8140 |
||
| 020 | _a9781413020793 | ||
| 050 | _aP221LAD2006 | ||
| 100 |
_aLadefoged , Peter _eauthor |
||
| 245 |
_aA course in Phonetics / _cPeter Ladefoged |
||
| 250 | _a5th ed | ||
| 264 |
_aAustralia: _bWadsworth, _c2006 |
||
| 300 | _a310p. : | ||
| 500 | _aincludes index | ||
| 650 | _aphonetics | ||
| 700 |
_aLadefoged , Peter _eauthor |
||
| 942 |
_2lcc _cBK _h221 _iLAD _kP |
||